00618nam a2200109Ia 4500008004100000100003000041245010500071260003600176650022600212650002600438856004400464171212s9999 xx 000 0 und d aJohnstone, Peggy Fitzhugh cJohnstone, Peggy FitzhughaTransformation of RagebMourning and Creativity in George Eliot's Fiction bNew York University Pressc1994 aEliot, George, 1819–1880 -- Knowledge -- Psychology; Characters and characteristics in literture; Psychoanalysis and literature; Creativity in literature; Emotions in literature; Grief in literature; Anger in literature aLanguage & Literature uhttp://www.jstor.org/stable/j.ctt9qgbpx